000 00709cam a2200217 4500
001 sa 68015864
003 DLC
005 20260227112648.0
008 700617s1968 ii 00000 eng
010 _asa 68015864 //r88
025 _aPL480:I-E-10739
050 0 _aLAW
082 _a382.954
110 1 0 _aIndia (Republic).
_kTreaties, etc.
245 1 0 _aIndia's trade agreements with other countries, as in force on January 1, 1968.
260 0 _aNew Delhi,
_bDirectorate of Commercial Publicity, Ministry of Commerce, Govt. of India
_c[1968]
300 _a364 p.
_c25 cm.
350 _a6.00
_a($2.16)
651 0 _aIndia
_xCommercial treaties.
710 1 0 _aIndia.
_bDirectorate of Commercial Publicity.
999 _c86741
_d86741